000 00516nam a2200181Ia 4500
001 24267
005 20260414151032.0
008 260414t2023||||xx |||||||||||||| ||spa||
041 _aESP
082 _a345.2
_bC94C
100 _aCuba Peralta, Carol,
_eAUT
245 0 _aEl contrainterrogatorio en el proceso penal :
_bnálisis de casos reales en los tribunales y valoración de la prueba
260 _c2023
300 _a415 páginas :
_c25 cm.
650 _aDER
654 _aCDE
942 _cLIB
_dJUS
_fJUS
_2ddc
_n
999 _c24267
_d24267